| 000 | 02178nam0a2200409 4500 | ||
|---|---|---|---|
| 001 | RU\NLR\bibl\266482 | ||
| 005 | 20260405172827.0 | ||
| 010 |
_a5-8029-0174-8 _98000 |
||
| 021 |
_aRU _b2001-64844 _93152 |
||
| 035 | _a(NLR Aleph) 000262053 | ||
| 090 |
_a1530916 _c1530916 |
||
| 100 | _a20020517d2001 u y0rusy50 ca | ||
| 101 | 0 | _arus | |
| 102 | _aRU | ||
| 105 | _aa ||||||||| | ||
| 200 | 1 |
_aРусский рукопашный бой _eМетод. основы нач. обучения славян. боевому искусству _e120 уроков _e[Учеб. пособие для вузов по специальности 022300 "Физ. культура и спорт"] _fА. А. Туманов, А. В. Еганов, Л. А. Неретина и др. _g[Центр "Тризна" при Рос. нар. акад. наук и др.] |
|
| 210 |
_aЧелябинск _cУрал Л.Т.Д. _d2001 |
||
| 215 |
_a364, [1] с. _cил. _d22 |
||
| 300 | _aНа контртитуле также: Урал. гос. акад. физ. культуры, Челяб. воен. автомоб. ин-т, Оренбург. казачье войско в составе СКВРиЗ | ||
| 320 | _aБиблиогр.: с. 353-356 | ||
| 606 | 1 |
_aРусский рукопашный бой _jУчебные издания для высшей школы _92248363 _3RU\NLR\auth\661348766 |
|
| 610 | 0 | _aБоевые искусства славянских народов | |
| 675 |
_a796.85(=16).015 _v3 _zrus |
||
| 686 |
_a77 _2rugasnti |
||
| 686 |
_a75.715 _2rubbk |
||
| 686 | 1 | _aЧ517.166я73 | |
| 686 | 1 | _aЦ4,6(2)361.13я73-1 | |
| 701 | 1 |
_4070 _7ca _8rus _aТуманов _bА. А. _cканд. пед. наук _gАлександр Александрович _9134 _3RU\NLR\auth\7717042 |
|
| 701 | 1 |
_4070 _7ca _8rus _aЕганов _bА. В. _f1949- _gАлександр Васильевич _957227 _3RU\NLR\auth\7774299 |
|
| 701 | 1 |
_aНеретина _bЛ. А. _gЛюдмила Александровна _4070 |
|
| 801 | 0 |
_aRU _bRKP _c20020517 _gPSBO |
|
| 801 | 1 |
_aRU _bRKP _c20020517 |
|
| 801 | 2 |
_aRU _bNLR _c20090304 _grcr |
|
| 942 | _cBOOK | ||
| 980 | _aNB | ||